Fundamentals of social research (Record no. 186)

000 -LEADER
fixed length control field 00628nam a22002177a 4500
003 - CONTROL NUMBER IDENTIFIER
control field OSt
005 - DATE AND TIME OF LATEST TRANSACTION
control field 20210609062342.0
008 - FIXED-LENGTH DATA ELEMENTS--GENERAL INFORMATION
fixed length control field 210609b ||||| |||| 00| 0 eng d
020 ## - INTERNATIONAL STANDARD BOOK NUMBER
International Standard Book Number 9780176414542
040 ## - CATALOGING SOURCE
Transcribing agency ALUPE UNIVERSITY
050 ## - LIBRARY OF CONGRESS CALL NUMBER
Classification number H 62
Item number .B32 2009
100 ## - MAIN ENTRY--PERSONAL NAME
Personal name Babbie, Earl
245 ## - TITLE STATEMENT
Title Fundamentals of social research
Statement of responsibility, etc. Earl Babbie [and] Lucia Benaquisto
250 ## - EDITION STATEMENT
Edition statement 2nd
Remainder of edition statement Canadian ed.
260 ## - PUBLICATION, DISTRIBUTION, ETC.
Place of publication, distribution, etc. Toronto
Name of publisher, distributor, etc. Nelson Education
Date of publication, distribution, etc. 2009
300 ## - PHYSICAL DESCRIPTION
Extent 526 p. : ill.
500 ## - GENERAL NOTE
General note Includes bibl. refs.
650 ## - SUBJECT ADDED ENTRY--TOPICAL TERM
Source of heading or term Social sciences
Form subdivision Textbooks
General subdivision Research
700 ## - ADDED ENTRY--PERSONAL NAME
Personal name Benaquisto, Lucia
942 ## - ADDED ENTRY ELEMENTS (KOHA)
Source of classification or shelving scheme
Koha item type Book
Suppress in OPAC SO
Holdings
Withdrawn status Lost status Source of classification or shelving scheme Damaged status Not for loan Permanent Location Current Location Shelving location Date acquired Total Checkouts Full call number Barcode Date last seen Price effective from Koha item type Public note Source of acquisition Total Renewals Date last checked out
          AU LIBRARY AU LIBRARY Open Shelf 09.06.2021   H 62 .B32 2010 28000106 09.06.2021 09.06.2021 Book SO      
          AU LIBRARY AU LIBRARY Open Shelf 21.07.2021 1 H 62 .B32 2009 28000105 30.08.2021 21.07.2021 Book DO donation from moi university 1 10.08.2021

Powered by Koha